000 00694cam a22002413a 4500
001 32857
003 PGUSA
005 20140828083718.0
008 100617s2010||||xxu|||||s|||||000 | eng d
040 _aPGUSA
_beng
042 _adc
050 4 _aQC
100 1 _aTolman, Richard C.
_q(Richard Chace),
_d1881-1948
245 1 4 _aThe Theory of the Relativity of Motion
_h[electronic resource] /
_cRichard C. Tolman
260 _bProject Gutenberg,
_c2010
506 _aPublic domain in the USA.
516 _aElectronic text
653 _aDynamics
653 _aRelativity (Physics)
830 0 _aProject Gutenberg
_v32857
856 4 0 _uhttp://www.gutenberg.org/ebooks/32857
942 _cEB
999 _c262112
_d262112